00869nam a2200253 a 4500001001000000003000900010005001700019007000300036008004100039040002500080082001400105100002400119245004600143250001100189260003300200300002800233504003400261590002600295910001500321942001400336952011400350952013400464999001700598000025894DO-SdBNP20211026110503.0ta090930s1990 dr a r 000 0 spa d aDO-SdBNPbspacBNPHU 4222bC334e1 aCasado, Lucio9667010aPrincipios de economía /cLucio Casado. a3a ed. aSanto Domingo :bRex,c1990. a342 p. :bil. ;c23 cm. aBibliográficas : p. 227-228 aInventariado, 2020/BT aBtavárez 2ddccLBS1 00102ddc718PDaBNPHUbPDcHDd2011-02-24iLF1l0oBNPHU PD C334e p25894-10r2020-06-25w2020-06-25yLFPD 00112ddc718PDaBNPHUbPDcHDd2018-06-14eDonado / FundiiLF1l0oBNPHU PD C334e p25894-20r2020-06-25te.2w2020-06-25yLFPD c25386d25386